00286pab a2200121 454500008004000000100001700040245003500057260000900092300001100101362001200112650001900124773002100143180718b2015 xxu||||| |||| 00| 0 eng d aHabib, Irfan aInequalities: a social history c2015 ap.3-8. aJan-Feb aSocial history aSocial Scientist